Management I (Registro nro. 3552)
[ vista simple ]
| 000 -CABECERA | |
|---|---|
| campo de control de longitud fija | 00600nam a22002177a 4500 |
| 005 - FECHA Y HORA DE ACTUALIZACIÓN | |
| campo de control | 20220126144645.0 |
| 008 - LONGITUD FIJA | |
| campo de control de longitud fija | 150302b xxu||||| |||| 00| 0 ES d |
| 041 ## - IDIOMA | |
| Código de idioma del texto/pista de sonido o título separado | |
| 082 ## - CLASIFICACIÓN DECIMAL DEWEY | |
| Número de clasificación | 428.3 E242m |
| 100 ## - AUTOR PERSONAL | |
| Nombre de persona | Evans, Virginia |
| 245 ## - TÍTULO PROPIAMENTE DICHO | |
| Título | Management I |
| 260 ## - PIE DE IMPRENTA | |
| Lugar de publicación, distribución, etc. | Estados Unidos |
| Nombre del editor, distribuidor, etc. | Express Publishing |
| Fecha de publicación, distribución, etc. | 2013 |
| 505 ## - Nota de Contenido | |
| Nota de contenido | Contiene disco compacto N° 683 |
| 650 ## - Materia General | |
| Materia general | INGLÉS - ENSEÑANZA |
| 650 ## - Materia General | |
| Materia general | MANAGEMENT |
| 650 ## - Materia General | |
| Materia general | ADMINISTRACIÓN DE EMPRESAS |
| 650 ## - Materia General | |
| Materia general | ADMINISTRADOR |
| 650 ## - Materia General | |
| Materia general | OFICINAS |
| 650 ## - Materia General | |
| Materia general | NEGOCIOS |
| 942 ## - Punto de Acceso Adicional Koha | |
| Tipo de ítem Koha | Libro |
| Estado perdido | Estado dañado | No para préstamo | Biblioteca permanente | Biblioteca actual | Signatura completa | Código de barras | Precio efectivo a partir del | Tipo de ítem |
|---|---|---|---|---|---|---|---|---|
| Departamento de Biblioteca y Documentación Alfonso Chase Brenes | Departamento de Biblioteca y Documentación Alfonso Chase Brenes | 428.3 E242m | 19017 | 08/02/2016 | Libro | |||
| Departamento de Biblioteca y Documentación Alfonso Chase Brenes | Departamento de Biblioteca y Documentación Alfonso Chase Brenes | 428.3 E242m | 19018 | Libro | ||||
| Departamento de Biblioteca y Documentación Alfonso Chase Brenes | Departamento de Biblioteca y Documentación Alfonso Chase Brenes | 428.3 E242m | 19019 | 08/02/2016 | Libro | |||
| Departamento de Biblioteca y Documentación Alfonso Chase Brenes | Departamento de Biblioteca y Documentación Alfonso Chase Brenes | 683ADC | Disco Compacto | |||||
| Departamento de Biblioteca y Documentación Alfonso Chase Brenes | Departamento de Biblioteca y Documentación Alfonso Chase Brenes | 683BDC | Disco Compacto | |||||
| Departamento de Biblioteca y Documentación Alfonso Chase Brenes | Departamento de Biblioteca y Documentación Alfonso Chase Brenes | 683CDC | 15/01/2019 | Disco Compacto |